Timing of behavior : neural, psychololgical, and computational perspectives /

Bibliographic Details
Corporate Author: NetLibrary, Inc
Other Authors: Rosenbaum, David A., Collyer, Charles E.
Format: eBook
Language:English
Published: Cambridge, Mass. : MIT Press, [1998]
Subjects:
Online Access:Connect to the full text of this electronic book

MARC

Tag First Indicator Second Indicator Subfields
LEADER 00000cam a2200000La 4500
001 in00001576421
005 20220103181109.0
006 m u
007 cr cn-
008 001007s1998 maua sb 001 0 eng d
010 |z  97037189  
020 |a 0585078262 (electronic bk.) 
020 |z 0262181886 
035 |a (OCoLC)ocm42856066 
040 |a N$T  |c N$T  |d OCL  |d UtOrBLW 
049 |a IKMN 
050 1 4 |a BF295  |b .T56 1998eb 
082 0 4 |a 152.3  |2 21 
245 0 0 |a Timing of behavior :  |b neural, psychololgical, and computational perspectives /  |c edited by David A. Rosenbaum and Charles E. Collyer. 
264 1 |a Cambridge, Mass. :  |b MIT Press,  |c [1998] 
264 4 |c ©1998 
300 |a xii, 384 pages :  |b illustrations ;  |c 24 cm. 
336 |a text  |b txt  |2 rdacontent 
337 |a computer  |b c  |2 rdamedia 
338 |a online resource  |b cr  |2 rdacarrier 
500 |a "A Bradford book." 
504 |a Includes bibliographical references and indexes. 
505 0 0 |t Predictive timing under temporal uncertainty: the time derivative model of the conditioned response /  |r John W. Moore ... [et. al.] --  |t Sequencing and timing operations of the basal ganglia /  |r Deborah L. Harrington and Kathleen Y. Haaland --  |t Interresponse intervals in continuation tapping /  |r Charles E. Collyer and Russell M. Church --  |t Touching surfaces for control, not support /  |r John. J. Jeka --  |t Perception of segmentation in sequences: local information provides the building blocks for global structure /  |r Steven M. Boker and Michael Kubovy --  |t Musical motion in perception and performance /  |r Bruno H. Repp --  |t Concurrent processing during sequenced finger tapping /  |r Heather Jane Barnes --  |t Memory mixing in duration bisection /  |r Trevor B. Penney ... [et. al.] --  |t Regulation of contact in rhythmic tapping /  |r Jonathan Vaughan ... [et. al.] --  |t Broadcast theory of timing /  |r David A. Rosenbaum --  |t Dynamics of human intersegmental coordination: theory and research --  |r Polemnia G. Amazeen ... [et. al.] --  |t Constraints in the emergence of preferred locomotory patterns /  |r Kenneth G. Holt --  |t Dynamical model of the coupling between posture and gait /  |r Bruce A. Kay and William H. Warren --  |t Dynamics of human gait transitions /  |r Frederick J. Diedrich and William H. Warren --  |t Computational model for repetitive motion /  |r Kjeldy Haugsjaa ... [et. al.] 
533 |a Electronic reproduction.  |b Boulder, Colo. :  |c NetLibrary,  |d 1999.  |n Available via the World Wide Web.  |n Available in multiple electronic file formats.  |n Access may be limited to NetLibrary affiliated libraries. 
500 |a Electronic resource. 
650 0 |a Movement, Psychology of.  |0 http://id.loc.gov/authorities/subjects/sh85088014 
650 0 |a Perceptual-motor processes.  |0 http://id.loc.gov/authorities/subjects/sh85099718 
650 0 |a Neuropsychology.  |0 http://id.loc.gov/authorities/subjects/sh85091163 
650 1 2 |a Movement.  |0 https://id.nlm.nih.gov/mesh/D009068 
650 2 2 |a Neuropsychology.  |0 https://id.nlm.nih.gov/mesh/D009484 
650 2 2 |a Psychomotor Performance.  |0 https://id.nlm.nih.gov/mesh/D011597 
650 2 2 |a Time Factors.  |0 https://id.nlm.nih.gov/mesh/D013997 
655 7 |a Electronic books.  |2 local 
700 1 |a Rosenbaum, David A.  |0 http://id.loc.gov/authorities/names/n90657698 
700 1 |a Collyer, Charles E.  |0 http://id.loc.gov/authorities/names/n85135719 
710 2 |a NetLibrary, Inc.  |0 http://id.loc.gov/authorities/names/no99080690 
776 1 |c Original  |w (DLC) 97037189  |w (OCoLC)37631179 
856 4 1 |u https://proxy.library.tamu.edu/login?url=http://www.netlibrary.com/urlapi.asp?action=summary&v=1&bookid=9358  |z Connect to the full text of this electronic book  |t 0 
994 |a 92  |b IKM 
999 |a MARS 
999 f f |s 893d6f01-a0d4-3df8-8d2f-e2a44d28468c  |i 010a682c-f175-3edd-9b2b-56cac3134932  |t 0 
952 f f |a Texas A&M University  |b College Station  |c Electronic Resources  |d Available Online  |t 0  |e BF295 .T56 1998eb  |h Library of Congress classification 
998 f f |a BF295 .T56 1998eb  |t 0  |l Available Online